Nederpop door Songtekst - Statistieken

Algemene statistieken
  • Deze quiz is 28 keer genomen
  • De gemiddelde score is 4 van 12
Antwoordstatistieken
Songtekst Liedje % Correct
Is er leven op Pluto, kun je dansen op de maan. Is er een plaats tussen de sterren, waar ik heen kan gaan België
88%
Laat maar vallen dan, het komt er toch wel van, het geeft niet of je rent De Bom
71%
Je bent ineens geen kind meer, maar zo mooi en minstens zeventien Belle Hélène
50%
En later lagen we samen, zoals dat heet, een beetje moe maar voldaan Annabel
38%
En alleen de vogels vliegen van Oost naar West Berlijn, worden niet teruggefloten, ook niet neergeschoten Over De Muur
38%
3 uur `s nachts, 7 januari, het panter blousje en de spijkerbroek Stiekem Met Je Gedanst
29%
Streel haar zachtjes door haar haar, Ik kan het bijna niet geloven, voorzichtig kussen wij elkaar Suzanne
29%
We komen niets te kort we hebben alles, `n kind `n huis `n auto en elkaar Is Dit Alles
17%
En vraag niet naar de weg, want iedereen is de weg kwijt Kronenburg Park
17%
Ik moest naar de gevangenis, maar ik had niets gedaan, ik wist wel wie de dader was maar 'k geef geen vrienden aan Nooduitgang
13%
Ik moet de zon in Japan onder zien gaan Zoveel Te Doen
13%
Zoals je daar nu zit, met betraande ogen Linda
8%
Geen overeenkomende quizzen gevonden
Scoreverdeling
Procent van Mensen met Elke Score
Percentiel versus Aantal Correcte Antwoorden
Uw Scoregeschiedenis
U heeft deze quiz nog niet genomen